| 000 | 00624nam a22001575i 4500 | ||
|---|---|---|---|
| 001 | 158782 | ||
| 003 | ES-MaACL | ||
| 005 | 20230906211320.0 | ||
| 008 | 040906s1885 sp |||| | spa d | ||
| 100 | 1 |
_aMaristany y Gibert, Eduardo. _9129510 |
|
| 245 | 1 | 0 |
_aEnclavamientos : _blas señales, agujas y otros aparatos de la vía / _cpor Eduardo Maristany y Gibert. |
| 260 |
_aMadrid : _b[s.n.], _c1885 ( _fEstab. Tip. de Gregorio Juste) |
||
| 300 |
_a35 p., [2] h. pleg. ; _c25 cm. |
||
| 650 |
_aSeñales ferroviarias. _9173716 |
||
| 852 |
_aES-MaACL _jT-441-F-2 _z- Enc. hol, falto de cub. original _z- Enc. en un vol. facticio |
||
| 999 |
_c158782 _d158782 |
||